[Event "Maria Albulet Memorial 2018"]
[Site "Braila"]
[Date "2018.11.08"]
[Round "7"]
[White "Rakhmangulova, Anastasiya"]
[Black "Makropoulou, Marina"]
[Result "1-0"]
[WhiteElo "2210"]
[BlackElo "2110"]
[Annotator "TA"]
[PlyCount "41"]
[EventDate "2018.11.03"]
[EventType "swiss"]
[EventCountry "ROU"]
[SourceTitle "playchess.com"]
[Source "ChessBase"]
[SourceQuality "1"]

{[%evp 14,41,30,33,42,36,33,41,56,11,22,14,46,-4,0,-30,12,11,15,0,100,101,223,212,397,396,597,588,651,569]} 1. e4 e5 2. Bc4 Nf6 3. d3 Nc6 4. Nf3 Bc5 5. c3 d6 6. a4 {C54: Giuoco Piano: 4 c3 Nf6, main lines with 5 d4 and 5 d3} a5 7. Bg5 {[%cal Bc1g5,Bg5h4,Bh4g3][%mdl 32]} h6 8. Bh4 {LiveBook: 8 Games. White has an edge.} Ba7 9. Na3 g5 10. Bg3 Ne7 $146 ({Predecessor:} 10... Be6 11. Bxe6 fxe6 12. Nb5 Bb6 {1-0 (31) Eljanov,P (2720)-Schroeder,J (2552) Germany 2018}) 11. Qb3 O-O 12. O-O-O c6 13. Rhe1 Ng6 14. d4 {[%cal Rd4e5]} Qe7 15. Nc2 $36 {[%mdl 2048] White fights for an advantage.} Rb8 16. Ne3 {Nf5 is the strong threat.} Nxe4 {[#]} (16... b5 $1 $11 17. axb5 cxb5) 17. Qc2 $1 $16 {[%cal Rc2e4]} exd4 (17... Kg7 $16) 18. Nxd4 $18 Qf6 $2 (18... Kh7) 19. Qxe4 d5 (19... Ra8 {was called for.} 20. Bb3 d5) 20. Bxd5 Bxd4 21. Qxd4 {Precision: White = 61%, Black = 21%.} 1-0

[Event "Maria Albulet Memorial 2018"]
[Site "Braila"]
[Date "2018.11.08"]
[Round "7"]
[White "Petrenko, Svetlana"]
[Black "Cosma, Elena-Luminita"]
[Result "1/2-1/2"]
[WhiteElo "2130"]
[BlackElo "2338"]
[Annotator "TA"]
[PlyCount "20"]
[EventDate "2018.11.03"]
[EventType "swiss"]
[EventCountry "ROU"]
[SourceTitle "playchess.com"]
[Source "ChessBase"]
[SourceQuality "1"]

{[%evp 13,20,12,17,13,4,0,47,51,42]} 1. Nf3 d5 2. d4 Nf6 3. g3 c6 4. Bg2 Bf5 5. Nh4 Be4 (5... Be6 6. O-O g6 7. f3 c5 8. dxc5 Bg7 9. f4 Qc8 10. Be3 O-O 11. c3 Bh3 12. Nd2 Bxg2 13. Kxg2 {1-0 (63) Ponkratov,P (2601)-Romanov,E (2619) Sochi 2018}) 6. f3 {D02: Damenbauernspiele} Bg6 7. Nxg6 hxg6 {LiveBook: 5 Partien} 8. e4 e6 9. c3 Nbd7 $146 ({Vorgänger:} 9... Be7 10. e5 Nfd7 11. Qb3 Qb6 12. Be3 c5 13. f4 {½-½ (33) Vechet,S (2217)-Meduna,E (2425) Czechia 2007}) 10. O-O Qb6 1/2-1/2

[Event "Maria Albulet Memorial 2018"]
[Site "Braila"]
[Date "2018.11.08"]
[Round "7"]
[White "Bucur, Denisa-Andreea"]
[Black "Ciolacu, Alessia-Mihaela"]
[Result "1-0"]
[WhiteElo "2012"]
[BlackElo "1972"]
[Annotator "NA RC"]
[PlyCount "81"]
[EventDate "2018.11.03"]
[EventType "swiss"]
[EventCountry "ROU"]
[SourceTitle "playchess.com"]
[Source "ChessBase"]
[SourceQuality "1"]
[TimeControl "40/5400+30:900+30"]

{[%evp 8,81,33,22,22,20,17,11,8,14,10,3,-2,-3,66,48,50,49,47,38,47,35,47,37,66,38,51,18,32767,18,312,32767,32767,386,342,408,388,420,1745,29981,29989,1685,1391,2490,2040,948,926,356,365,332,306,331,355,382,386,407,481,481,920,1167,1216,1629,32767,32767,32767,32767,32767,32767,32767,32767,32767,32767,29993,29990,29990,1212]} 1. d4 {[%emt 0:00:00]} Nf6 {[%emt 0:00:00]} 2. Nf3 {[%emt 0:00:00]} d5 {[%emt 0:00:00]} 3. c4 {[%emt 0:00:00]} e6 {[%emt 0:00:00]} 4. Nc3 {[%emt 0:00:00]} Be7 {[%emt 0:00:10]} 5. Bf4 {[%emt 0:00:18]} O-O {[%emt 0:00:16]} 6. e3 {[%emt 0:00:18]} Nbd7 {[%emt 0:00:14]} 7. cxd5 {[%emt 0:00:25]} Nxd5 {[%emt 0:00:33]} 8. Nxd5 {[%emt 0:00:36] D37: Queen's Gambit Declined: 5 Bf4} exd5 {[%emt 0:00:09]} 9. Bd3 {[%emt 0:00:30] LiveBook: 93 Games} c5 {[%emt 0:01:53]} 10. O-O {[%emt 0:03:45]} (10. dxc5 Nxc5 11. O-O Bg4 12. Be2 Bf6 13. h3 Bh5 14. Nd4 Bxe2 15. Qxe2 Bxd4 16. exd4 {½-½ (62) Li,C (2725)-Yu,Y (2759) Ningbo 2018}) 10... Nf6 {[%emt 0:21:47]} ({Better is} 10... c4 $11 11. Bc2 b5) 11. dxc5 {[%emt 0:04:40]} Bxc5 {[%emt 0:00:06]} 12. Rc1 {[%emt 0:02:26]} Bb6 $146 {[%emt 0:01:34]} ({Predecessor:} 12... Bd6 13. Qa4 Bd7 14. Qd4 Bxf4 15. Qxf4 Rc8 16. Rxc8 Qxc8 {1-0 (32) Bagaturov,G (2410)-Fox,A (1986) Marianske Lazne 2016}) 13. h3 {[%emt 0:04:08]} Be6 {[%emt 0:01:48]} 14. Bb1 {[%emt 0:04:21]} Rc8 {[%emt 0:02:10]} 15. Qd3 {[%emt 0:03:18]} Rxc1 {[%emt 0:08:39]} 16. Rxc1 {[%emt 0:00:57]} Ne4 {[%emt 0:00:09]} 17. Nd4 {[%emt 0:31:23]} Qh4 {[%emt 0:07:32]} 18. f3 {[%emt 0:09:31]} Qf2+ $2 {[%emt 0:10:17]} (18... Bxd4 $11 19. Qxd4 Qf2+ 20. Kh1 (20. Kh2 Nd2 $11) 20... Ng3+ 21. Bxg3 Qxg3) 19. Kh2 Bxh3 {[%emt 0:40:44]} 20. Kxh3 {[%emt 0:13:52]} g5 {[%emt 0:02:10]} 21. Nf5 {[%emt 0:01:07]} gxf4 {[%emt 0:06:36]} 22. fxe4 {[%emt 0:01:14]} fxe3 $2 {[%emt 0:01:07]} (22... f3 23. Qc2 Qxc2 24. Bxc2 dxe4 25. Bxe4 fxg2 26. Bxb7 Rd8 27. Bxg2 Kf8) 23. exd5 {[%emt 0:03:27]} Rd8 {[%emt 0:00:49]} 24. Nh6+ {[%emt 0:02:21]} (24. Qc3 $142 Qxf5+ 25. Bxf5 Rxd5 26. Qf6 Bc5 27. Be4 Rd6 28. Qg5+ Rg6 29. Bxg6) 24... Kf8 {[%emt 0:00:46]} 25. Rf1 {[%emt 0:00:28]} Rxd5 {[%emt 0:01:26]} 26. Rxf2 {[%emt 0:01:39]} exf2 {[%emt 0:00:15]} 27. Qf3 $2 {[%emt 0:01:58]} (27. Qxd5 {[%csl Gh6][%cal Rd5f7]} f1=Q 28. Qd6+ Ke8 29. Qb8+ Bd8 30. Qe5+ Kf8 31. Nf5 Qh1+ 32. Kg3 Bh4+ 33. Nxh4 Qxb1 34. Nf5 Qd3+ 35. Kh2 Qxf5 36. Qxf5) 27... Rh5+ {[%emt 0:00:23]} 28. Kg3 {[%emt 0:02:33]} Rxh6 {[%emt 0:00:06]} 29. Bd3 {[%emt 0:00:55]} Re6 {[%emt 0:00:14]} 30. Kg4 {[%emt 0:01:27]} Re3 {[%emt 0:01:24]} 31. Qf5 {[%emt 0:00:41]} h5+ {[%emt 0:00:57]} 32. Kxh5 {[%emt 0:01:17]} Rg3 {[%emt 0:00:33]} (32... Re6 $142 33. Bc4 Re7) 33. Bc4 {[%emt 0:01:05]} Rg7 {[%emt 0:00:10]} 34. Qc8+ {[%emt 0:00:42]} Ke7 {[%emt 0:00:12]} 35. Qxb7+ {[%emt 0:00:32]} Kf8 {[%emt 0:00:09]} 36. Qb8+ {[%emt 0:00:52]} Ke7 {[%emt 0:00:07]} 37. Qe5+ {[%emt 0:00:22]} Kf8 {[%emt 0:00:07]} 38. Qd6+ {[%emt 0:01:45]} Kg8 {[%emt 0:00:17]} 39. Qb8+ {[%emt 0:00:14]} Kh7 {[%emt 0:00:19]} 40. Bd3+ {[%emt 0:00:00]} Rg6 {[%emt 0:00:00]} 41. Qf4 $18 {[%emt 0:01:17]} (41. Qf8 $142 f1=Q 42. Bxf1 Bc5 43. Qxf7+ Rg7 44. Bd3+ Kh8 45. Qe8+ Rg8 46. Qe5+ Rg7 47. Qxc5) 1-0

[Event "Maria Albulet Memorial 2018"]
[Site "Braila"]
[Date "2018.11.08"]
[Round "7"]
[White "Didiliuc, Dariana-Gabriela"]
[Black "Maria, Lia-Alexandra"]
[Result "1-0"]
[WhiteElo "1784"]
[BlackElo "1479"]
[Annotator "NA RC"]
[PlyCount "89"]
[EventDate "2018.11.03"]
[EventType "swiss"]
[EventCountry "ROU"]
[SourceTitle "playchess.com"]
[Source "ChessBase"]
[SourceQuality "1"]
[TimeControl "40/5400+30:900+30"]

1. e4 {[%emt 0:00:00]} c5 {[%emt 0:00:00]} 2. Nf3 {[%emt 0:00:00]} e6 {[%emt 0:00:00]} 3. d4 {[%emt 0:00:11]} cxd4 {[%emt 0:00:00]} 4. Nxd4 {[%emt 0:00:10]} a6 {[%emt 0:00:00]} 5. Nc3 {[%emt 0:00:24]} Qc7 {[%emt 0:00:18]} 6. Bd3 {[%emt 0:00:28]} Nf6 {[%emt 0:00:14]} 7. O-O {[%emt 0:00:52]} d6 {[%emt 0:00:03]} 8. f4 {[%emt 0:00:17]} Nbd7 {[%emt 0:00:06]} 9. Kh1 {[%emt 0:00:22]} Be7 {[%emt 0:00:12]} 10. Qe2 {[%emt 0:00:36]} O-O {[%emt 0:00:40]} 11. Bd2 {[%emt 0:00:41]} b5 {[%emt 0:00:24]} 12. b4 {[%emt 0:00:22]} Bb7 {[%emt 0:00:46]} 13. a4 {[%emt 0:00:51]} bxa4 {[%emt 0:00:25]} 14. Rxa4 {[%emt 0:00:57]} a5 {[%emt 0:01:36]} 15. bxa5 {[%emt 0:04:26]} Nc5 {[%emt 0:01:34]} 16. Ra2 {[%emt 0:01:37]} Nxd3 {[%emt 0:00:25]} 17. cxd3 {[%emt 0:00:12]} Ra6 {[%emt 0:02:41]} 18. Ncb5 {[%emt 0:03:38]} Qd7 {[%emt 0:00:51]} 19. Rc1 {[%emt 0:07:30]} Rc8 {[%emt 0:01:13]} 20. Rxc8+ {[%emt 0:05:32]} Bxc8 {[%emt 0:01:28]} 21. Rc2 {[%emt 0:00:46]} Bd8 {[%emt 0:00:44]} 22. Nb3 {[%emt 0:21:59]} Bb7 {[%emt 0:01:17]} 23. N5d4 {[%emt 0:05:06]} h6 {[%emt 0:01:00]} 24. e5 {[%emt 0:00:32]} Nd5 {[%emt 0:02:48]} 25. exd6 {[%emt 0:11:12]} Qxd6 {[%emt 0:01:22]} 26. Nc5 {[%emt 0:02:32]} Ra7 {[%emt 0:01:40]} 27. Nb5 {[%emt 0:00:15]} Qb8 {[%emt 0:00:54]} 28. Nxa7 {[%emt 0:03:24]} Qxa7 {[%emt 0:00:30]} 29. Nxb7 {[%emt 0:00:30]} Qxb7 {[%emt 0:00:30]} 30. Rc1 {[%emt 0:00:30]} Kh7 {[%emt 0:00:30]} 31. Qe4+ {[%emt 0:00:30]} g6 {[%emt 0:01:45]} 32. Qc4 {[%emt 0:01:29]} Qb2 {[%emt 0:01:48]} 33. Qc2 {[%emt 0:04:18]} Qa3 {[%emt 0:02:15]} 34. Qc5 {[%emt 0:01:11]} Qxd3 {[%emt 0:04:07]} 35. Qf2 {[%emt 0:01:10]} Qa6 {[%emt 0:00:43]} 36. Qf1 {[%emt 0:01:40]} Qa7 {[%emt 0:00:48]} 37. a6 {[%emt 0:01:16]} Bb6 {[%emt 0:01:41]} 38. Rb1 {[%emt 0:00:31]} Nc7 {[%emt 0:04:11]} 39. Qd3 {[%emt 0:00:26]} Nd5 {[%emt 0:00:43]} 40. Qb5 {[%emt 0:00:00]} Qc7 {[%emt 0:00:00]} 41. Rc1 {[%emt 0:02:16]} Qd8 {[%emt 0:02:59]} 42. Qc6 {[%emt 0:00:50]} Qb8 {[%emt 0:01:40]} 43. Qb7 {[%emt 0:00:40]} Qa7 {[%emt 0:01:42]} 44. Rc8 {[%emt 0:01:14]} Be3 {[%emt 0:00:38]} 45. Bxe3 {[%emt 0:00:11]} 1-0

[Event "Maria Albulet Memorial 2018"]
[Site "Braila"]
[Date "2018.11.08"]
[Round "7"]
[White "Hrib, Andrada-Ioana"]
[Black "Terbe, Zsuzsanna"]
[Result "0-1"]
[WhiteElo "1770"]
[BlackElo "2215"]
[Annotator "TA"]
[PlyCount "92"]
[EventDate "2018.11.03"]
[EventType "swiss"]
[EventCountry "ROU"]
[SourceTitle "playchess.com"]
[Source "ChessBase"]
[SourceQuality "1"]

{[%evp 14,92,-48,-75,-74,-66,-83,-100,-76,-103,-96,-95,-87,-59,10,-81,-87,-106,-110,-116,-87,-78,-71,-83,-66,-117,-118,-139,-136,-139,-152,-212,-213,-208,-199,-231,-188,-181,-173,-168,-168,-175,-170,-249,-218,-218,-215,-210,-213,-242,-234,-253,-242,-380,-376,-373,-368,-322,-318,-462,-452,-467,-509,-529,-506,-707,-710,-727,-703,-676,-628,-1060,-984,-941,-864,-926,-900,-876,-864,-836,-865]} 1. d4 d5 2. Nf3 Nf6 3. Bg5 Ne4 4. Bf4 c5 5. e3 Qb6 6. Qc1 f6 {D03: 1 d4 d5 2 Nf3 Nf6 3 Bg5, including Torre Attack with early ...d5} (6... cxd4 7. exd4 Nc6 8. c3 Bf5 9. Nbd2 e6 10. Nh4 Nxd2 11. Qxd2 Be4 12. Be2 Be7 13. Nf3 O-O 14. h4 {1-0 (59) Ponkratov,P (2628)-Tekeyev,Z (2392) Sochi 2018}) 7. c3 Nc6 8. Nbd2 {LiveBook: 5 Games} g5 {Black is better.} 9. Bg3 h5 $1 {[%cal Bh7h5,Bh5h4][%mdl 32] aiming for ...cxd4.} 10. dxc5 Qxc5 11. Nxe4 dxe4 12. Nd2 {[#]} h4 $1 {[%cal Rh4g3]} 13. Bc7 Bf5 $146 ({Better is} 13... Qf5 $15 14. h3 e5) ({Predecessor:} 13... Qf5 14. h3 e5 15. b4 {0-1 (44) Lagergren,H (2068)-Langer,R (2313) ICCF email 2015}) 14. Nb3 (14. Qd1 $1 $11 {keeps the balance.} Qd5 15. h3) 14... Qd5 $17 15. c4 Qd7 16. Ba5 Nxa5 17. Nxa5 Qa4 18. Nb3 e5 $36 {[%mdl 2048] White must now prevent ...Bb4+. Black has the initiative.} 19. c5 (19. Be2 $15) 19... Rc8 20. Qc4 Qxc4 21. Bxc4 Bxc5 {Threatens to win with ...Bb4+.} 22. Nxc5 (22. O-O $17 {keeps fighting.}) 22... Rxc5 $19 23. Bb3 Ke7 24. h3 b5 25. Ke2 a5 26. Rac1 Rhc8 27. Rxc5 Rxc5 {[%mdl 4096] Endgame KRB-KRB} 28. a4 (28. Kd2 {was called for.}) 28... bxa4 29. Bxa4 {[#]} Rc4 $1 {[%cal Rc4a4]} 30. Ra1 Rb4 31. b3 Be6 32. Ra3 Rb6 33. Kd2 (33. Ra1 $142) 33... f5 {[%cal Bf6f5,Bf5g4,Bg4h3][%mdl 32]} 34. Ra1 g4 35. hxg4 fxg4 36. Rc1 (36. Ke2 $142) 36... Kd6 {Black is clearly winning.} 37. Kc3 h3 38. gxh3 gxh3 39. Rg1 Rb8 40. Rd1+ Ke7 41. Rh1 Rf8 42. Rg1 Rxf2 43. Rg7+ Rf7 44. Rg1 h2 45. Rh1 Rh7 46. Bc6 Rh4 {Precision: White = 27%, Black = 76%.} 0-1

[Event "Maria Albulet Memorial 2018"]
[Site "Braila"]
[Date "2018.11.08"]
[Round "7"]
[White "Otetea, Ioana"]
[Black "Nistor, Valentina"]
[Result "0-1"]
[WhiteElo "1602"]
[BlackElo "1881"]
[Annotator "NA RC"]
[PlyCount "96"]
[EventDate "2018.11.03"]
[EventType "swiss"]
[EventCountry "ROU"]
[SourceTitle "playchess.com"]
[Source "ChessBase"]
[SourceQuality "1"]
[TimeControl "40/5400+30:900+30"]

{[%evp 8,88,24,29,19,29,37,30,35,-57,-65,-84,-39,-100,32767,-188,-180,-197,-143,-164,-143,-178,-126,-125,-133,32767,-125,-156,-143,32767,-139,-152,-154,32767,32767,32767,-181,-186,-128,-110,-61,-69,0,-62,-19,32767,-140,-158,-139,-192,-204,-211,-139,-193,-196,-248,-223,-228,-264,-288,-177,-186,-183,-356,-309,-333,-270,-264,-289,-377,-316,-372,-422,-500,-449,-543,-469,-415,-508,-506,-467,-1231,-1333]} 1. e4 {[%emt 0:00:00]} e5 {[%emt 0:00:00]} 2. Nc3 {[%emt 0:00:00]} Nf6 {[%emt 0:00:00]} 3. g3 {[%emt 0:00:00]} Nc6 {[%emt 0:00:20]} 4. Bg2 {[%emt 0:00:26]} Bb4 {[%emt 0:01:31]} 5. Nge2 {[%emt 0:00:22]} O-O {[%emt 0:00:52]} 6. O-O {[%emt 0:01:35] LiveBook: 4 Games} d6 {[%emt 0:02:49]} 7. d3 {[%emt 0:01:49]} h6 {[%emt 0:01:26]} 8. f4 {[%emt 0:02:34]} (8. a3 $14 Bc5 9. Be3) 8... Bc5+ {[%emt 0:04:42]} 9. Kh1 {[%emt 0:01:56]} Ng4 {[%emt 0:00:59]} 10. Qe1 {[%emt 0:10:50]} ({Günstiger ist} 10. fxe5 $15 dxe5 11. Qe1) 10... Nb4 {[%emt 0:02:00]} 11. Rb1 {[%emt 0:01:08]} (11. Qd1 $17) 11... Nxc2 {[%emt 0:00:58]} 12. Qd2 {[%emt 0:00:53]} Nce3 {[%emt 0:01:49]} 13. Rf3 {[%emt 0:01:52]} Nxg2 {[%emt 0:01:43]} 14. Kxg2 {[%emt 0:00:06]} c6 {[%emt 0:05:45]} 15. h3 {[%emt 0:02:30]} Nf6 {[%emt 0:01:49]} 16. b4 {[%emt 0:03:42]} Bb6 {[%emt 0:01:00]} 17. Qc2 {[%emt 0:05:26]} Qe7 {[%emt 0:05:32]} 18. f5 {[%emt 0:04:09]} Rd8 {[%emt 0:08:03]} 19. a3 {[%emt 0:03:16]} d5 {[%emt 0:01:59]} 20. Na4 {[%emt 0:03:04]} Bc7 {[%emt 0:00:30]} 21. Be3 {[%emt 0:03:40]} Bd6 {[%emt 0:03:03]} 22. g4 {[%emt 0:04:27]} Nh7 {[%emt 0:03:00]} (22... Qd7 $19 23. Bb6 Re8) 23. Rh1 {[%emt 0:08:41]} Bd7 {[%emt 0:04:09]} 24. h4 {[%emt 0:06:06] [#]} f6 {[%emt 0:02:58]} (24... c5 $1 $17 {[%mdl 512]} 25. Nac3 (25. Nxc5 d4) 25... d4 26. bxc5 Bxc5) 25. Rfh3 {[%emt 0:05:40]} Be8 {[%emt 0:06:30]} 26. Ng3 {[%emt 0:05:07]} b6 {[%emt 0:04:56]} 27. Rc1 {[%emt 0:07:19]} (27. Ne2 $142) 27... Rac8 {[%emt 0:02:38]} 28. Qb3 {[%emt 0:03:38]} (28. Rb1 $17) 28... Bf7 {[%emt 0:00:32]} 29. Qc2 {[%emt 0:01:13]} Rc7 {[%emt 0:04:11]} 30. Qf2 {[%emt 0:02:37]} Rdc8 {[%emt 0:04:17]} 31. Qf3 {[%emt 0:00:56]} (31. Bc5 $142) 31... d4 {[%emt 0:04:25]} 32. Bd2 {[%emt 0:00:17]} c5 {[%emt 0:00:37]} 33. bxc5 {[%emt 0:01:08]} bxc5 {[%emt 0:00:38]} 34. Nb2 {[%emt 0:00:16]} c4 {[%emt 0:03:44]} 35. dxc4 $2 {[%emt 0:00:44]} (35. Nxc4 Bxa3 36. Rc2) 35... Bxa3 {[%emt 0:00:53]} 36. Rc2 {[%emt 0:00:47]} Bxb2 {[%emt 0:00:30]} ({Stronger than} 36... Bxc4 37. Nxc4 (37. Rxc4 Rxc4 38. Nxc4 Rxc4 $19) 37... Rxc4 38. Qb3 $14) 37. Rxb2 {[%emt 0:00:05]} Rxc4 {[%emt 0:00:21]} 38. Nf1 {[%emt 0:01:48]} Qc5 {[%emt 0:01:48]} 39. Qe2 {[%emt 0:02:06]} a5 {[%emt 0:00:40]} 40. Ra2 {[%emt 0:00:00]} a4 {[%emt 0:00:00]} 41. Rha3 {[%emt 0:01:57]} Qc6 {[%emt 0:02:43]} 42. Ra1 {[%emt 0:02:51]} Rb8 {[%emt 0:02:50]} 43. Qd3 {[%emt 0:01:53]} Rb2 {[%emt 0:01:51]} 44. Kf3 {[%emt 0:01:06]} (44. Kg1 $142) 44... Rcc2 $19 {[%emt 0:03:19]} 45. Kf2 {[%emt 0:04:55]} Bc4 {[%emt 0:00:30]} 46. Qf3 {[%emt 0:00:36]} Bxf1 {[%emt 0:00:22]} 47. Kxf1 {[%emt 0:00:14]} Rxd2 {[%emt 0:00:07]} 48. Rxa4 {[%emt 0:00:27]} Qxa4 {[%emt 0:00:31]} 0-1

[Event "Maria Albulet Memorial 2018"]
[Site "Braila"]
[Date "2018.11.08"]
[Round "7"]
[White "Uzuneanu, Gabriela"]
[Black "Babiy, Olga"]
[Result "0-1"]
[WhiteElo "1571"]
[BlackElo "2314"]
[Annotator "TA"]
[PlyCount "124"]
[EventDate "2018.11.03"]
[EventType "swiss"]
[EventCountry "ROU"]
[SourceTitle "playchess.com"]
[Source "ChessBase"]
[SourceQuality "1"]

{[%evp 14,124,15,8,87,87,78,85,87,95,147,93,300,305,301,291,313,248,422,-45,-36,-36,-45,-59,-52,-59,-51,-127,-89,-148,-82,-84,-81,-79,-67,-60,-65,-62,-27,-92,-37,-55,-28,-57,-19,-22,-28,-39,-35,-78,-77,-65,-49,-183,-132,-149,-83,-208,-171,-206,0,-203,-181,-182,-180,-204,-183,-489,-462,-433,-300,-300,-224,-220,-237,-238,-218,-263,-227,-210,-225,-204,-207,-225,-217,-532,-523,-714,-713,-709,-659,-679,-668,-862,-824,-1433,-1168,-1168,-1118,-983,-961,-1358,-1213,-1703,-1792,-12839,-12839,-12847,-12845,-12847,-12846,-12846,-12846]} 1. e4 c5 2. f4 Nc6 3. Nf3 e6 4. g3 a6 5. Bg2 g6 6. d3 Bg7 7. Nc3 {[%cal Bb1c3,Bc3e4,Be4d6][%mdl 32]} Nge7 8. O-O b5 {B24: Closed Sicilian: 3 g3 sidelines} (8... d5 $11) (8... d5 9. a3 O-O 10. Qe1 Nd4 11. Qf2 Bd7 12. g4 Nxf3+ 13. Qxf3 Bc6 14. Qh3 f5 15. gxf5 exf5 16. e5 {0-1 (40) Reid,G (2135)-Bellon Lopez,J (2402) Halmstad 2014}) 9. e5 $16 d5 10. exd6 $1 Qxd6 {White is better.} 11. Ne4 Qd8 (11... Qc7 $142) 12. Kh1 (12. c3 $142) 12... Qb6 $146 (12... Rb8 $16 {might work better.}) ({Predecessor:} 12... Qc7 13. a3 Nb8 14. Ne5 Bb7 15. Ng4 Nd7 16. Nd6+ Qxd6 17. Bxb7 {0-1 (50) Martin,L-Schumacher,D Germany 1996}) 13. Nd6+ $18 Kf8 {[#]} 14. Ne5 $1 {[%mdl 512]} Qc7 (14... Nxe5 15. fxe5) 15. Nexf7 {f5 is the strong threat.} Bd7 $2 (15... Nf5) 16. Nxh8 $2 (16. f5 $18 Nxf5 17. Bf4) 16... Qxd6 $15 17. Nxg6+ $1 hxg6 18. Rb1 Rd8 {[%mdl 1024] Black has compensation.} 19. Bd2 Nd4 20. Bc3 ({White should play} 20. c3 $15 Ndf5 21. Qe2) 20... Nef5 21. Re1 (21. Qd2 $142) 21... Bc6 (21... b4 $142 22. Bxd4 Bxd4) 22. Be4 $17 {Black must now prevent Ba5.} Kf7 23. Bxd4 Nxd4 24. c3 Nf5 25. Qf3 Bd5 26. Rbd1 (26. a3 $11 {keeps the balance.}) 26... Qc6 ({Better is} 26... Bxa2 $17 27. Ra1 Bb3) 27. Kg2 a5 (27... b4 {is interesting.} 28. Rc1 Qa4 29. cxb4 Qxb4 30. Bxd5 Rxd5 31. b3 Bb2) 28. Bxd5 Qxd5 (28... exd5 {feels hotter.} 29. Kf1 Bf6 30. Rc1 a4 31. a3 Rh8) 29. Qxd5 Rxd5 30. Re2 b4 31. c4 Rd6 32. b3 Ra6 33. h3 ({White should try} 33. g4 $15 Nd4 34. Rf2) 33... a4 (33... Bf6 $19 34. h4 a4 35. bxa4 Rxa4) 34. bxa4 Rxa4 (34... Bf6 $142 $1 35. Rdd2 Rxa4) 35. Rde1 (35. g4 $17 Nd4 36. Red2) 35... Bc3 36. Rd1 Bg7 37. Rde1 Nd4 38. Rd2 Ra3 39. Rf1 Nf5 40. Rf3 $2 (40. Rb1 {was the crucial defense.}) 40... Bc3 $19 41. Rdf2 Ke7 42. h4 Kf7 43. Kh3 Be1 44. Rg2 Kf6 45. Rg1 Nd4 46. Rff1 Bc3 ({Inferior is} 46... Rxa2 47. Rxe1 Nf3 48. Rh1 $11) 47. Rg2 {[#]} Nf5 $1 {[%cal Rf5e3] Threatens to win with ...Ne3.} 48. Re2 {[#]} Bd4 $1 49. Rd1 $2 (49. Rf3 {is tougher.}) 49... Ne3 {Black is clearly winning.} 50. Rdd2 Bc3 51. Rxe3 Bxd2 {[%mdl 4096] Endgame KRB-KR} 52. Re5 Rxd3 {aiming for ...Bxf4.} 53. Rxc5 Bxf4 54. Rb5 Rxg3+ 55. Kh2 Ra3+ 56. Kg1 Bd2 57. c5 Rxa2 58. c6 Rc2 59. h5 gxh5 60. Rxh5 Rxc6 61. Rb5 Be3+ 62. Kg2 Rb6 {Precision: White = 28%, Black = 51%.} 0-1